00298nam a2200133Ia 4500100001800000650002100018366000700039654002100046245004400067260001400111082000800125300000800133546002300141 aBarber/David  aMachine learning f25 amachine learning aBayesian Reasoning and machine learning bCUPc2012 bBAR a697 aENGLISHcComputers